| 000 | 00705nam a2200241Ia 4500 | ||
|---|---|---|---|
| 003 | OSt | ||
| 005 | 20220918183636.0 | ||
| 006 | a|||||r|||| 00| 0 | ||
| 007 | ta | ||
| 008 | 220917b |||||||| |||| 00| 0 eng d | ||
| 024 | _a39,409 | ||
| 037 | _cTextual | ||
| 040 |
_aARTS _cARTS _beng |
||
| 041 |
_2eng _aeng |
||
| 082 | _aO15xN, M1 | ||
| 100 |
_aDikshitar P V Sivarama ed _963250 |
||
| 245 | 0 | _aMadras Sanskrit college platinum jubilee commemoration volume 1906-1981 | |
| 260 |
_aMadras _bSanskrit Educational Trust India _c1981 |
||
| 300 |
_a196p. _ccm. |
||
| 650 | _aSANSKRIT LITERATURE | ||
| 942 |
_hO15xN, M1 _cTEXL _2CC |
||
| 999 |
_c173304 _d173304 |
||